| 000 | 00949cad a22002055a 4500 | ||
|---|---|---|---|
| 001 | E154635 | ||
| 008 | 120109e20111221xxk 000 0 eng u | ||
| 035 | _a(Sirsi) u154635 | ||
| 041 | 0 | _aeng | |
| 110 | 2 |
_aBank of Scotland _95792 |
|
| 245 | 0 | 0 |
_aSlight fall in the number of vacant homes in Scotland _h[electronic resource] |
| 260 | _c2011 | ||
| 490 |
_aBank of Scotland Press Release _v21 December 2011 |
||
| 520 | _aThe latest yearly Bank of Scotland Vacant Property Report suggests that the number of vacant homes in Scotland fell by 0.6% to 105 649 in 2010. This is the lowest figure since 2008, and represents 4.2% of homes in Scotland. | ||
| 590 | _aKA | ||
| 651 | 4 |
_aScotland _y1999- |
|
| 690 | _aPROPERTY-RESIDENTIAL PROPERTY-RESIDENTIAL PROPERTY MARKET | ||
| 856 | 4 | 0 |
_uhttps://www.lloydsbankinggroup.com/media/pdfs/bos/2011/2011_VacantHomesScotland.pdf _zView the news release free of charge at www.lloydsbankinggroup.com |
| 942 | _n0 | ||
| 999 |
_c83689 _d83689 |
||